Kolaya Kaçmayalım - 1950 Sonrası Yazılar-Soruşturmalar-Söyleşiler (Record no. 1261926)

MARC details
000 -LEADER
sabit uzunluktaki kontrol alanı 00328nam a2200109Ia 4500
001 - KONTROL NUMARASI
kontrol alanı 1261926
005 - EN SON İŞLEMİN TARİH VE ZAMANI
kontrol alanı 20260417140401.0
008 - SABİT-UZUNLUKTA VERİ ÖĞELERİ--GENEL BİLGİ
sabit uzunluktaki kontrol alanı 260417s9999 xx 000 0 und d
020 ## - ULUSLARARASI STANDART KİTAP NUMARASI
Uluslararası Standart Kitap Numarası 9786256698345
245 #0 - ESER / YAZAR
ESER ADI Kolaya Kaçmayalım - 1950 Sonrası Yazılar-Soruşturmalar-Söyleşiler
Yazar Adı Kemal Tahir
260 ## - YAYIN, DAĞITIM, VB.
YAYIN EVİ Ketebe Yayınları
Holdings
Düşüm durumu Kayıp durumu Hasar Durumu Ödünç verilmez Ana kütüphane Geçerli Kütüphane Edinilen tarih Toplam ödünç verme sayısı Barkod Son görüntüleme tarihi Fiyatın geçerli olmaya başladığı tarih Koha materyal türü
        ADİL KARAAĞAÇ MESLEKİ VE TEKNİK ANADOLU LİSESİ ADİL KARAAĞAÇ MESLEKİ VE TEKNİK ANADOLU LİSESİ 17.04.2026   11122959 17.04.2026 17.04.2026 Books